000 00596nam a2200229Ia 4500
003 OSt
005 20220918201328.0
006 a|||||r|||| 00| 0
007 ta
008 220917b |||||||| |||| 00| 0 eng d
024 _a93,155
037 _cTextual
040 _aARTS
_cARTS
_beng
041 _2eng
_aeng
082 _aV1:71z7, L2
100 _aUcko Peter J. Ed
_998154
245 0 _aMan settlement and urbanism
260 _aNA
_bNA
_c1972
650 _aARCHEOLOGY; HISTORY
_91499
942 _hV1:71z7, L2
_cTEXL
_2CC
999 _c216803
_d216803